01301nam a2200241 a 450000100100000000500170001000800410002702000150006804000130008308200160009610000420011224501120015426000750026630000260034150400520036704900090041995201280042895201280055695201280068495201130081295201190092599900150104400000782520200929154318.0090911s2001 dr a 001 0 spa d a8495193027 aDO-SdBNP axxxxbH557g1 aHernández Castillo, Fernando92154410aGuía práctica para la realización y redacción de una monografía /cFernando Hernández Castillo. aSantiago de los Caballeros, :bUniversidad Abierta para Adulto,c2001. a84 p. :bil ;c21 cm. aIncluye referencias bibliográficas [p. 83-84] aBNPD 001054708DSaGRbGRcCTd2009-09-11iLF1l0oxxxx H557gp7825-30r2020-06-25te. 3w2020-06-25yLFDSZPréstamo en sala 001154708DSaGRbGRcMId2009-09-16iLF1l0oxxxx H557gp7825-40r2020-06-25te. 4w2020-06-25yLFDSZPréstamo en sala 001154708DSaGRbGRcMId2009-09-16iLF1l0oxxxx H557gp7825-50r2020-06-25te. 5w2020-06-25yLFDSZPréstamo en sala 0010718PDaPDbPDcCTd2009-09-11iLF1l0oxxxx H557gp7825-10r2020-06-25w2020-06-25yLFPDZNo se presta 0010718PDaPDbPDcCTd2009-09-11iLF1l0oxxxx H557gp7825-20r2020-06-25te. 2w2020-06-25yLFPDZNo se presta c7603d7603